000 00226nam a2200085Ia 4500
008 120527s9999 xx 000 0 und d
100 _aUN. NATIONS,2004.Found
245 _aOur shared responsibility in larger freedom
942 _cBK
999 _c25499
_d25499